Erster Weltkrieg Quiz - Statistiken

Allgemein
  • Dieses Quiz wurde 935 mal gespielt
  • Das Durchschnittsergebnis liegt bei 10 aus 26
Antwortstatistiken
Hinweis Antwort % Korrekt
Hauptverbündete Deutschlands Österreich-Ungarn
94%
Stadt, in der sich das Attentat abspielte Sarajevo
81%
Erzherzog, dessen Attentat den Krieg begann Franz Ferdinand
74%
Vertrag, der den Krieg mit Deutschland offiziell beendete Vertrag von {Versailles}
72%
Pandemie, die 1918 startete {Spanische} Grippe
69%
Kaiser von Germany Wilhelm II
66%
Gelbbraune chemische Waffe {Senf}gas
62%
Hauptverbündete Deutschlands Osmanisches Reich
54%
Name für Deutschland und seine Verbündete Die {Mittel}mächte
53%
Gebiet zwischen den Schützengräben {Niemands}land
52%
Tödliche Schlachten an der Westfront in 1916 Battle of {Verdun}
50%
Deutsche Luftschiffe, die UK bombadierten Zeppeline
45%
Weiterer Name für den Ersten Weltkrieg Der {Große} Krieg
40%
Hauptverbündete Deutschlands Bulgarien
39%
Inoffizieller Waffenstillstand im späten 1914 {Weihnachts}frieden
36%
Präsident der Vereinigten Staaten Woodrow Wilson
32%
Zar von Russland Nicholas II
30%
Tödliche Schlachten an der Westfront in 1916 Battle of the {Somme}
22%
Noch ein weiterer Name für den Ersten Weltkrieg Die Krieg zur {Beendigung}{aller} {Kriege}
16%
Türkische Halbinsel, die ANZAC-Truppen einzunehmen versuchten (ANZAC=Australische und neuseeländische Truppen) Gallipoli
15%
Deutschlands Zusage zu Hilfen für Mexiko im Falle eines Angriffs auf die USA {Zimmermann}-Depesche
12%
Premierminister des Vereinigten Königreiches David Lloyd George
5%
Premierminister Frankreichs Georges Clemenceau
3%
Premierminister des Vereinigten Königreiches H. H. Asquith
1%
Name für den 11. November 1918 {Volkstrauer}tag
1%
Weit verbreitete Erkrankung, verursacht durch feuchte Füße {Immersions}fuß
0%
Keine übereinstimmenden Quizze gefunden
Verteilung der Resultate
Anzahl Personen mit jedem Resultat
Perzentil nach korrekt beantworteten Fragen
Ihre Resultats-Entwicklung
Sie haben dieses Quiz noch nicht gespielt